LEADER 00753nam0 2200265 450 001 000006773 005 20060324094842.0 010 $a88-14-09871-9 100 $a20060324d2002----km-y0itay50------ba 101 0 $aita 102 $aIT 105 $ay-------001yy 200 1 $a<>prova penale$eartt. 187-271 Cod. proc. pen.$fErcole Aprile 205 $aNuova ed. 210 $aMilano$cGiuffrè$d2002 215 $aXIX, 434 p.$d24 cm 225 2 $aPratica giuridica$v0012 410 0$12001$aPratica giuridica 676 $a345.450602638$v20 700 1$aAprile,$bErcole$0237821 801 0$aIT$bUNIPARTHENOPE$c20060324$gRICA$2UNIMARC 912 $a000006773 951 $aR-0030$b36096$cNAVA3 996 $aProva penale$9942736 997 $aUNIPARTHENOPE LEADER 00847nam0-22003011i-450- 001 990001817590403321 005 20021010 035 $a000181759 035 $aFED01000181759 035 $a(Aleph)000181759FED01 035 $a000181759 100 $a20021010d--------km-y0itay50------ba 101 0 $aita 200 1 $aApplication mecaniques$e2. Engins de levage pour les petits bateaux de peche$fBrian Mutton$gFAO. 210 $aRoma$cFAO$d1985. 215 $aXIV, 154 p.$d30 cm 225 1 $aFAO document technique sur les pêches$v229 610 0 $aPesca 676 $a639.2 700 1$aMutton,$bBrian$079811 801 0$aIT$bUNINA$gRICA$2UNIMARC 901 $aBK 912 $a990001817590403321 952 $a60 COLL. FAO 5/229$b$fFAGBC 959 $aFAGBC 996 $aApplication mecaniques$9412461 997 $aUNINA DB $aING01